Italy - Trivia - Statistics

General Stats
  • This quiz has been taken 20 times
  • The average score is 9 of 15
Answer Stats
Question Answer % Correct
Which cities formed the "Industrial triangle" during the 60s economic boom? Milan, Turin, Genoa
89%
What is the Italian name for Sardinia? Sardegna
84%
To which person is the pizza Margherita traditionally linked to? A queen
74%
In which city the Formula 1 grand prix takes place? Monza
74%
Which form of government is Italy? Parliamentary republic
74%
In which of these Italian regions would you find a native German speaker? Trentino Alto Adige
74%
When did civil unions between same sex individuals become legal? 2016
68%
Which former Prime Minister was infamously assassinated by a terrorist group in 1978 and found in a car trunk? Aldo Moro
63%
What was the deadliest terrorist attack in Italy? 1980 Bologna train station bombing
58%
When did Italy become a republic? 1946
53%
From which town does the name of a famous type of marble come from? Carrara
53%
Which famous female Italian singer died in 2021? Raffaella Carrà
53%
How many regions has Italy? 20
47%
What is the largest church in Italy? Milan cathedral
42%
What is the highest mountain in the Appenines range? Gran Sasso
37%
No matching quizzes found
Score Distribution
Percent of People with Each Score
Percentile by Number Answered
Your Score History
You have not taken this quiz